600 essential words for the Toeic test

में बचाया:
ग्रंथसूची विवरण
मुख्य लेखक: Lougheed, Lin
स्वरूप: पुस्तक
भाषा:Undetermined
प्रकाशित: Thành phố Hồ Chí Minh Trẻ 2004
विषय:
टैग : टैग जोड़ें
कोई टैग नहीं, इस रिकॉर्ड को टैग करने वाले पहले व्यक्ति बनें!
Thư viện lưu trữ: Trung tâm Học liệu Trường Đại học Cần Thơ
LEADER 00529nam a2200193Ia 4500
001 CTU_79769
008 210402s9999 xx 000 0 und d
082 |a 428.0076 
082 |b L887/CD.2 
100 |a Lougheed, Lin 
245 0 |a 600 essential words for the Toeic test 
245 0 |c Lin Lougheed 
260 |a Thành phố Hồ Chí Minh 
260 |b Trẻ 
260 |c 2004 
650 |a English language 
650 |x Examinations 
904 |i Mai Loan 
980 |a Trung tâm Học liệu Trường Đại học Cần Thơ